01301nam a2200277 a 450000100100000000500170001000800410002702000150006804000250008308200260010810000350013424501150016925000120028426000360029630000320033265000410036465000580040565000460046370000530050991000390056204900090060195201400061095201250075095201310087599900170100600004662020260417183802.0140226s2014 dr a 000 0 spa d a9591310668 aDO-SdBNPbspacBNPHU a305.2355bC355q, 20141 aCastro Espín, Mariela97082110a¿Qué nos pasa en la pubertad? /cMariela Castro Espín ; ilustraciones Luis Ernesto González González. a2a. ed. aSanto Domingo :bBúho,c2014. axi, 130 p. :bil. ;c21 cm. 4aAdolescenciaxAspectos sociales9383 0aRelaciones interpersonales en la adolescencia 931083 4aResponsabilidad en la adolescencia93108412aGonzález González, Luis Ernesto,eil.970822 aValidado. Control de calidad BNPHU aBNPD 001054708DSaGRbGRcHDd2017-03-06iLF1 | 2014l0o305.2355 C355qp46620-30r2020-06-25te. 3w2020-06-25yLFDSZPréstamo en sala 0010718PDaPDbPDcHDd2017-03-01iLF1 | 2014l0o305.2355 C355qp46620-10r2020-06-25w2020-06-25yLFPDZNo se presta 0010718PDaPDbPDcHDd2017-03-01iLF1 | 2014l0o305.2355 C355qp46620-20r2020-06-25te. 2w2020-06-25yLFPDZNo se presta c46109d46109